000 01004cam a22002651 4500
001 e 53000048
003 DLC
005 20260227111235.0
008 960808s1953 dcu 000 0 eng c
010 _ae 53000048
035 _a(OCoLC)35212064
040 _aU.S. Office of Education Libr.
_cWU
_dDLC
042 _apremarc
050 0 0 _aL111
_b.A6 1953, no. 3
051 _aLB2861
_b.F54
082 _a379.15
100 1 _aFitzwater, Charles Ocelus,
_d1906-
245 1 0 _aSelected characteristics of reorganized school districts
_c/ C. O. Fitzwater.
260 _aWashington :
_bU.S. Govt. Print. Off.,
_c1953.
300 _ax, 49 p. ;
_c24 cm.
410 1 0 _a[United States].
_bOffice of Education.
_tBulletin ;
_v1953, no. 3
501 _aCopies 1 and 2 of L111.A6 with: How children learn to write / Helen K. Mackintosh. Washington : U.S. Govt. Print. Off., 1953. Bound together subsequent to publication.
_5DLC
650 0 _aSchools
_xCentralization.
740 0 _aReorganized school districts.
999 _c22197
_d22197